[Event "23rd Hoogeveen Open 2019"]
[Site "Hoogeveen"]
[Date "2019.10.26"]
[Round "9.35"]
[White "Gijsen, William"]
[Black "Klaren, Duncan"]
[Result "1-0"]
[WhiteElo "2091"]
[BlackElo "1923"]
[Annotator "NA"]
[PlyCount "61"]
[EventDate "2019.10.19"]
[EventType "swiss"]
[EventCountry "NED"]
[SourceTitle "playchess.com"]
[Source "ChessBase"]
[SourceQuality "1"]
[TimeControl "40/5400+30:1800+30"]

1. e4 {[%emt 0:00:00]} c5 {[%emt 0:00:00]} 2. Nf3 {[%emt 0:00:00]} d6 {[%emt 0:00:00]} 3. d4 {[%emt 0:00:00]} cxd4 {[%emt 0:00:00]} 4. Nxd4 {[%emt 0:00:00]} Nf6 {[%emt 0:00:00]} 5. Nc3 {[%emt 0:00:00]} a6 {[%emt 0:00:00]} 6. Be3 {[%emt 0:01:32]} e5 {[%emt 0:00:00]} 7. Nb3 {[%emt 0:00:05]} Be6 {[%emt 0:00:00]} 8. Qd2 {[%emt 0:02:15]} Nbd7 {[%emt 0:00:34]} 9. f3 {[%emt 0:00:22]} Rc8 {[%emt 0:01:36]} 10. O-O-O {[%emt 0:02:44]} b5 {[%emt 0:01:41]} 11. g4 {[%emt 0:02:52]} Be7 {[%emt 0:03:22]} 12. Kb1 {[%emt 0:00:37]} O-O {[%emt 0:01:03]} 13. h4 {[%emt 0:00:23]} Nb6 {[%emt 0:01:14]} 14. Bg5 {[%emt 0:06:39]} b4 {[%emt 0:08:29]} 15. Bxf6 {[%emt 0:01:20]} Bxf6 {[%emt 0:00:36]} 16. Nd5 $14 {[%emt 0:00:08]} Bxd5 {[%emt 0:01:02]} 17. exd5 {[%emt 0:00:15]} Qc7 {[%emt 0:02:24]} 18. g5 {[%emt 0:01:52]} Be7 {[%emt 0:00:05]} 19. Bh3 {[%emt 0:06:44]} Rb8 {[%emt 0:19:01]} 20. Na5 {[%emt 0:02:40]} Nc4 {[%emt 0:00:06]} 21. Nxc4 {[%emt 0:00:06]} Qxc4 {[%emt 0:00:03]} 22. h5 {[%emt 0:00:36]} g6 {[%emt 0:04:55]} 23. hxg6 {[%emt 0:00:34]} hxg6 {[%emt 0:00:07]} 24. Rde1 {[%emt 0:05:02]} Qh4 {[%emt 0:03:08]} 25. Bg4 {[%emt 0:01:41]} Qxg5 {[%emt 0:00:23]} 26. Qh2 {[%emt 0:00:16]} Kg7 {[%emt 0:00:14]} 27. f4 {[%emt 0:10:03]} exf4 {[%emt 0:00:59]} 28. Qh7+ {[%emt 0:01:13]} Kf6 {[%emt 0:00:06]} 29. Be6 {[%emt 0:01:31]} fxe6 {[%emt 0:07:15]} 30. Rxe6+ {[%emt 0:00:14]} Kf5 {[%emt 0:00:14]} 31. Qh3+ {[%emt 0:00:21]} 1-0